プロ野球 2016年 個人タイトルを獲得した選手 - Statistics

General Stats
  • This quiz has been taken 25 times
  • The average score is 12 of 19
Answer Stats
Answer % Correct
菊池 涼介
95%
菅野 智之
86%
柳田 悠岐
86%
レアード
82%
中田 翔
82%
野村 祐輔
77%
坂本 勇人
77%
サファテ
73%
金子 侑司
73%
筒香 嘉智
68%
山田哲人
68%
糸井 嘉男
59%
宮西 尚生
55%
則本 昂大
50%
角中 勝也
50%
石川 歩
41%
和田 毅
41%
マシソン
36%
澤村 拓一
32%
No matching quizzes found
Score Distribution
Percent of People with Each Score
Percentile by Number Answered
Your Score History
You have not taken this quiz